Statistics for Darts Players

Click here to take the quiz!

General Stats

  • This quiz has been taken 230 times
  • The average score is 8 of 12

Answer Stats

HintAnswer% Correct
The PowerPhil Taylor
98%
The MachineJames Wade
92%
BarneyRaymond Van Barneveld
83%
JackpotAdrian Lewis
82%
Mighty MikeMichael Van Gerwen
76%
The WizardSimon Whitlock
76%
The HammerAndy Hamilton
72%
Darth MapleJohn Part
62%
The BullTerry Jenkins
58%
ChizzyDavid Chisnall
49%
The PiemanAndy Smith
42%
Ozzie-GeordiePaul Nicholson
36%

Score Distribution

Percentile by Number Answered

Percent of People with Each Score

Your Score History

You have not taken this quiz